000 00243nam a22001097a 4500
008 180730b xxu||||| |||| 00| 0 eng d
082 _a813.52
245 _aWood and Paper
_cLHS
300 _a1
_fCD
440 _x9781598216547
942 _2ddc
_cMX
999 _c46683
_d46683